| 000 | 00944nam a2200241Ia 4500 | ||
|---|---|---|---|
| 003 | IN-BaIIA | ||
| 008 | 211028s9999 xx 000 0 eng d | ||
| 020 | _a0-7923-2235-5 | ||
| 040 | _cIIA Library | ||
| 080 |
_a524-48 _bSHA |
||
| 111 |
_aNATO Advanced Study Institute Conferance _cItaly _d1992 June 20-30 _918880 |
||
| 245 | 0 |
_aParticle astrophysics and cosmology _bproceedings of NATO Advanced Study Institute, Erice, Italy, June 20-30, 1992 _cedited by Mourice M. Shapiro, Rein Silberberg and John P. Wefel |
|
| 260 |
_aDordrecht, _bKluwer Academic _c1993 |
||
| 300 | _avii, 168p. | ||
| 650 | _aAstronomy and Astrophysics Thesaurus | ||
| 650 | _aCosmology | ||
| 650 |
_aParticle astrophysics _916537 |
||
| 700 |
_aShapiro, Mourice M., ed. _918881 |
||
| 700 |
_aSilberberg, Rein, ed. _918752 |
||
| 700 |
_aWefel, John P. _918882 |
||
| 710 |
_aNATO Advanced Study Institute _95368 |
||
| 942 | _cBK | ||
| 999 |
_c11030 _d11030 |
||